How Bad Can I Be Lyrics - Statistics

General Stats
  • This quiz has been taken 49 times
  • The average score is 240 of 318
Answer Stats
Lyrics % Correct
Bad
100%
Can
100%
How
100%
I
100%
A
97%
Be
97%
I'm
93%
Just
93%
The
93%
Possibly
90%
An
87%
In
87%
Is
87%
It
87%
PR
87%
What
87%
Come
83%
Doing
83%
That
83%
And
80%
Comes
80%
Go
80%
Money
80%
Ever
77%
Naturally
77%
So
77%
Knows
73%
Principle
73%
There
73%
This
73%
Who
73%
Lunch
70%
Me
70%
My
70%
Animal
67%
Are
67%
Every
67%
It's
67%
Nature
67%
Of
67%
People
67%
Well
67%
Almost
63%
Creature
63%
Goes
63%
On
63%
There's
63%
All
60%
Business
60%
Else's
60%
Following
60%
Someone
60%
Up
60%
With
60%
Care
57%
Check
57%
Destiny
57%
Doesn't
57%
Fittest
57%
Say
57%
Scratch
57%
Shake
57%
Survival
57%
Biggering
53%
Bite
53%
Bottom
53%
Called
53%
Make
53%
Mine
53%
Punch
53%
Saying
53%
Winds
53%
World
53%
Claw
50%
Economy
50%
Everybody
50%
Factory
50%
I'll
50%
Let
50%
Lying
50%
You
50%
Company
47%
Corporate
47%
Fight
47%
Line
47%
Round
47%
Sound
47%
Hear
43%
Loving
43%
Says
43%
Smoke
43%
Take
43%
At
40%
Buying
40%
Customers
40%
Few
40%
Gonna
40%
Gotta
40%
If
40%
Multiplying
40%
Never
40%
Schlop
40%
Schloppity
40%
See
40%
Sign
40%
Stop
40%
Trees
40%
Want
40%
Cares
37%
Complain
37%
Dying
37%
Out
37%
Yours
37%
Building
33%
Denying
33%
Lawyers
33%
Let's
33%
Look
33%
Money's
33%
Puppy
33%
Smogulous
33%
To
33%
Petting
30%
Eats
27%
Gratifying
27%
Portion
27%
Charity
23%
Proceeds
20%
No matching quizzes found
Score Distribution
Percent of People with Each Score
Percentile by Number Answered
Your Score History
You have not taken this quiz